000 00314 a2200145 4500
001 71536
020 _a
040 _cAnchieta - Colégio São Paulo
100 _aFernandes, Paulo Dias
240 1 0 _aCurupira
_lpor
245 1 0 _aCurupira
300 _a[16]
650 4 _aLiteratura infanto-juvenil
942 _cBK
999 _c71536
_d71536